| 000 | 00521nam a22001817a 4500 | ||
|---|---|---|---|
| 005 | 20230217025132.0 | ||
| 008 | 230217b |||||||| |||| 00| 0 eng d | ||
| 020 | _a978-1-305-25147-2 | ||
| 082 | _a660.25 T455 2016 | ||
| 100 |
_aThomas, Charles E. _eauthor |
||
| 245 |
_aIntroduction to process technology / _cCharles E. Thomas |
||
| 250 | _a4th ed. | ||
| 260 |
_aAustralia: _bCengage Learning, _cc2016. |
||
| 300 |
_axiii, 482p.; _bill. |
||
| 504 | _aIncludes index | ||
| 541 | _e5740 | ||
| 650 | _aChemical processes | ||
| 999 |
_c1247 _d1247 |
||